| 000 | 00611nam a2200229Ia 4500 | ||
|---|---|---|---|
| 003 | OSt | ||
| 005 | 20220918202539.0 | ||
| 006 | a|||||r|||| 00| 0 | ||
| 007 | ta | ||
| 008 | 220917b |||||||| |||| 00| 0 eng d | ||
| 024 | _a102,021 | ||
| 037 | _cTextual | ||
| 040 |
_aARTS _cARTS _beng |
||
| 041 |
_2eng _aeng |
||
| 082 | _aV22:73:C, L2-;1 | ||
| 100 |
_aShastri Ajay Mitra ed _9104268 |
||
| 245 | 0 | _aCoinage of the Satavahansas and coins from excavations | |
| 260 | _c1972 | ||
| 650 | _aHISTORY | ||
| 942 |
_hV22:73:C, L2-;1 _cTEXL _2CC |
||
| 999 |
_c225481 _d225481 |
||